| 000 | 00500 a2200157 4500 | ||
|---|---|---|---|
| 005 | 20250625133829.0 | ||
| 020 | _a0-13-114397-2 | ||
| 082 | _aLM 621.3 HUG | ||
| 100 | _aHUGHES, E. | ||
| 245 | _aHughes Electronical and Electronic Technology | ||
| 250 | _a9th Ed. | ||
| 260 |
_aHarlow, _bPearson & Prentice Hall, _c2005. |
||
| 300 |
_axv, 936p.: ill.; figures, picture, _bIndex, _c25cm. |
||
| 856 |
_yAccess Book Online _f Electronical and Electronic Technology _dwww.pearson.book.com |
||
| 942 |
_2ddc _cBKS |
||
| 999 |
_c2797 _d2797 |
||